000 00513nam a2200181 a 4500
001 0393
005 20140414132037.0
008 040913s19uu xx 00 eng d
020 _a0-439-23771-8
050 _aTR
_bSA4 1999
100 _aWhybrow, Ian
245 _aSammy and the dinosaurs /
_cby Ian Whybrow ; illustrated by Adrian Reynolds.
260 _aNew York :
_bScholastic,
_c1999.
300 _a1 v.p. : ill. ; cm.
650 _aDinosaurs
_xfiction.
650 _aChildren stories.
999 _c113762
_d113762